| 000 | 00479nam a2200193Ia 4500 | ||
|---|---|---|---|
| 005 | 20240913125412.0 | ||
| 008 | 240913s9999||||xx |||||||||||||| ||und|| | ||
| 020 | _a81-8147-803-7 | ||
| 041 | _aENGLISH | ||
| 082 | _A623.87236 P5 | ||
| 100 | _aChristensen,Stanley G | ||
| 245 | 0 | _aMarine Diesel Engine : Questions and Answers | |
| 250 | _a8th | ||
| 260 |
_c2002 _bBH,O _aOxfors |
||
| 500 | _aREFERENCE | ||
| 650 |
_aMarine engg. _bMarine |
||
| 942 | _cREF | ||
| 999 |
_c245472 _d245472 |
||